000 00719nam a2200229 i 4500
001 C2-0325631
003 PPAK
005 20180728123635.0
008 140212s2013 my a|||| ||||| | zxx d
020 _a9839966928
040 _aPPAK
_beng
_cPPAK
_erda
082 0 4 _a305.4209595
_223
090 0 0 _a305.4209595
_bMAJ
_dR
245 0 0 _aMajlis Kebangsaan Pertubuhan Wanita Malaysia :
_b50 tahun dalam kenangan
264 1 _aPetaling Jaya, Selangor :
_bMajlis Kebangsaan Pertubuhan Wanita Malaysia (NCWO) ,
_c2013
300 _a159 pages :
_billustrations ;
_c26 cm
336 _2rdacontent
_atext
337 _2rdamedia
_aunmediated
338 _2rdacarrier
_avolume
650 1 0 _aWomen - Malaysia
942 _ddc
_cB
999 _c125337
_d125337